[Event "Autumn Frost"]
[Site "Ottawa CAN"]
[Date "2001.11.08"]
[Round "2"]
[White "Barclay, Wayne"]
[Black "Pacey, Kevin"]
[Result "1/2-1/2"]
[WhiteElo "2228"]
[BlackElo "2317"]
[PlyCount "87"]
[GameId "2160767911484971"]
[EventDate "2001.11.01"]
[EventType "swiss"]
[EventRounds "5"]
[EventCountry "CAN"]

1. d4 e6 2. c4 f5 3. Nc3 Nf6 4. g3 d5 5. Bg2 c6 6. Nf3 Bd6 7. O-O O-O 8. Qc2 Kh8 9. Bg5 Qe8 10. Bxf6 Rxf6 11. Ne5 Nd7 12. f4 a6 13. e3 Rf8 14. cxd5 cxd5 15. Qb3 Bxe5 16. dxe5 Nc5 17. Qa3 b6 18. b4 Nb7 19. Rfc1 Bd7 20. Bf1 Qe7 21. Qb2 Rfc8 22. Bd3 Nd8 23. Ne2 a5 24. bxa5 bxa5 25. Rxc8 Bxc8 26. Nd4 g5 27. Rc1 gxf4 28. gxf4 h6 29. Qb6 Bd7 30. Rc7 Qe8 31. Nxf5 Qg6+ 32. Ng3 Qxd3 33. Rxd7 Qd1+ 34. Kf2 Qc2+ 35. Ne2 Nc6 36. Rc7 Rg8 37. Rxc6 Rg2+ 38. Kxg2 Qxe2+ 39. Kg3 Qe1+ 40. Kh3 Qf1+ 41. Kg3 Qg1+ 42. Kh3 Qf1+ 43. Kg4 Qe2+ 44. Kh3 1/2-1/2

[Event "Autumn Frost"]
[Site "Ottawa CAN"]
[Date "2001.11.15"]
[Round "3"]
[White "Patterson, Roger"]
[Black "Pacey, Kevin"]
[Result "1/2-1/2"]
[WhiteElo "2168"]
[BlackElo "2317"]
[PlyCount "77"]
[GameId "2160767911484972"]
[EventDate "2001.11.01"]
[EventType "swiss"]
[EventRounds "5"]
[EventCountry "CAN"]

1. e4 c5 2. Nf3 e6 3. d4 cxd4 4. Nxd4 a6 5. c4 Nf6 6. Bd3 Bb4+ 7. Bd2 Bxd2+ 8. Qxd2 Qb6 9. Ne2 Nc6 10. Nbc3 Ne5 11. O-O O-O 12. b3 Qd6 13. Rad1 b5 14. Qe3 bxc4 15. Bxc4 Nxc4 16. bxc4 Qe5 17. h3 Bb7 18. f4 Qc7 19. e5 Ne8 20. Rb1 Qc6 21. Rf2 f6 22. Qb6 Qxb6 23. Rxb6 Bc8 24. Ne4 fxe5 25. fxe5 Ra7 26. c5 Bb7 27. Rxf8+ Kxf8 28. Nd6 Bd5 29. Rb8 Ra8 30. Rxa8 Bxa8 31. Nxe8 Kxe8 32. Nd4 Kf7 33. g4 g5 34. Kf2 Kg6 35. Kg3 h5 36. Nf3 h4+ 37. Kf2 Bd5 38. a3 Bc6 39. Ke3 1/2-1/2

[Event "Autumn Frost"]
[Site "Ottawa CAN"]
[Date "2001.11.22"]
[Round "4"]
[White "Pacey, Kevin"]
[Black "Smith, Eric"]
[Result "1-0"]
[WhiteElo "2339"]
[BlackElo "2066"]
[PlyCount "51"]
[GameId "2160767911484973"]
[EventDate "2001.11.01"]
[EventType "swiss"]
[EventRounds "5"]
[EventCountry "CAN"]

1. e4 e5 2. Nf3 Nc6 3. d4 exd4 4. c3 dxc3 5. Nxc3 Bb4 6. Bc4 d6 7. Qb3 Be6 8. Bxe6 fxe6 9. Qxe6+ Qe7 10. Ng5 Qxe6 11. Nxe6 Kd7 12. Nxg7 Nf6 13. f3 Rhg8 14. Bh6 Ne5 15. O-O Nf7 16. Nf5 Nxh6 17. Nxh6 Rg6 18. Nf5 Rag8 19. g3 Bc5+ 20. Kg2 a6 21. Rfd1 Re8 22. Rac1 Ba7 23. Ne2 Re5 24. Nf4 Rg8 25. Nd3 Rb5 26. b4 1-0

[Event "Autumn Frost"]
[Site "Ottawa CAN"]
[Date "2001.11.29"]
[Round "5"]
[White "Gelblum, Robert"]
[Black "Pacey, Kevin"]
[Result "0-1"]
[WhiteElo "2166"]
[BlackElo "2342"]
[PlyCount "60"]
[GameId "2160767911484974"]
[EventDate "2001.11.01"]
[EventType "swiss"]
[EventRounds "5"]
[EventCountry "CAN"]

1. e4 c5 2. Nc3 e6 3. g3 d5 4. exd5 exd5 5. Bg2 Nf6 6. d3 d4 7. Ne4 Nxe4 8. dxe4 g6 9. Ne2 Bg7 10. O-O Nc6 11. Nf4 O-O 12. Nd5 Be6 13. Bf4 Ne5 14. Bxe5 Bxe5 15. f4 Bg7 16. f5 Bxd5 17. exd5 Qb6 18. Qd2 Rae8 19. Qf4 Be5 20. Qc1 d3 21. c3 Bf6 22. fxg6 hxg6 23. Bf3 c4+ 24. Kg2 Re5 25. b3 Bg5 26. Qd1 Rfe8 27. bxc4 Re2+ 28. Kh1 Qb2 29. Qxd3 Rxh2+ 30. Kg1 Be3+ 0-1

[Event "Battle of Alberta"]
[Site "Red Deer CAN"]
[Date "2001.08.11"]
[Round "1"]
[White "Baunok, Zoltan"]
[Black "Boehmer, Kris"]
[Result "1/2-1/2"]
[WhiteElo "2037"]
[BlackElo "2198"]
[PlyCount "42"]
[GameId "2160767911547042"]
[EventDate "2001.08.11"]
[EventType "team"]
[EventRounds "2"]
[EventCountry "CAN"]

1. e4 c5 2. Nf3 Nc6 3. d4 cxd4 4. Nxd4 g6 5. Nxc6 bxc6 6. Qd4 Nf6 7. e5 Ng8 8. e6 Nf6 9. exf7+ Kxf7 10. Bc4+ d5 11. O-O e5 12. Qd1 Bd6 13. Be2 Kg7 14. f4 Qb6+ 15. Kh1 Ne4 16. Qe1 exf4 17. Nc3 Rf8 18. Nxe4 dxe4 19. Qc3+ Kh6 20. g3 Qc7 21. gxf4 Bf5 1/2-1/2

[Event "Battle of Alberta"]
[Site "Red Deer CAN"]
[Date "2001.08.11"]
[Round "1"]
[White "Clark, Alan"]
[Black "Anderson, Sune"]
[Result "1/2-1/2"]
[WhiteElo "2055"]
[BlackElo "1979"]
[PlyCount "88"]
[GameId "2160767911547043"]
[EventDate "2001.08.11"]
[EventType "team"]
[EventRounds "2"]
[EventCountry "CAN"]

1. e4 c5 2. c3 d6 3. d4 Nf6 4. Bd3 Nc6 5. Nf3 Bg4 6. d5 Ne5 7. Nxe5 dxe5 8. f3 Bd7 9. c4 e6 10. Nc3 Be7 11. O-O O-O 12. f4 Bd6 13. Be3 Qc7 14. g3 h5 15. Qe2 h4 16. Rf2 hxg3 17. hxg3 exd5 18. Nxd5 Nxd5 19. exd5 f5 20. Kg2 e4 21. Bc2 Be7 22. Rh1 g6 23. Kf1 Kg7 24. Rfh2 Rh8 25. g4 Rag8 26. gxf5 Bxf5 27. Qg2 Bd6 28. Bxe4 Rxh2 29. Rxh2 Bxf4 30. Bxf5 Bxh2 31. Qxg6+ Kf8 32. Bh6+ Rg7 33. Qf6+ Kg8 34. Qxg7+ Qxg7 35. Bxg7 Kxg7 36. Ke2 Kf6 37. Bc8 b6 38. Kd3 Ke5 39. a3 a5 40. Kc3 Kd6 41. b4 axb4+ 42. axb4 Be5+ 43. Kb3 cxb4 44. Kxb4 Bd4 1/2-1/2

[Event "Battle of Alberta"]
[Site "Red Deer CAN"]
[Date "2001.08.11"]
[Round "1"]
[White "Flemming, Jim"]
[Black "Gomboc, Dave"]
[Result "1-0"]
[WhiteElo "1969"]
[BlackElo "1998"]
[PlyCount "61"]
[GameId "2160767911547044"]
[EventDate "2001.08.11"]
[EventType "team"]
[EventRounds "2"]
[EventCountry "CAN"]

1. d4 d5 2. c4 e6 3. Nc3 c6 4. Nf3 dxc4 5. a4 Bb4 6. e3 b5 7. Ne5 Bb7 8. Bd2 a5 9. Be2 f6 10. Nf3 Ne7 11. O-O Nf5 12. Qc2 Nd6 13. e4 O-O 14. e5 Nf5 15. exf6 gxf6 16. Rad1 Bxc3 17. bxc3 Qd5 18. Bc1 Kh8 19. Qd2 Na6 20. Ne1 Nh4 21. Qf4 Nxg2 22. Nxg2 c5 23. f3 b4 24. Ne3 Qh5 25. Kf2 cxd4 26. Rxd4 e5 27. Qh4 Qxh4+ 28. Rxh4 f5 29. Nxc4 Nc5 30. cxb4 axb4 31. a5 1-0

[Event "Battle of Alberta"]
[Site "Red Deer CAN"]
[Date "2001.08.11"]
[Round "1"]
[White "Gardner, Robert"]
[Black "Huber, Gregory"]
[Result "0-1"]
[WhiteElo "2206"]
[BlackElo "2243"]
[PlyCount "78"]
[GameId "2160767911547045"]
[EventDate "2001.08.11"]
[EventType "team"]
[EventRounds "2"]
[EventCountry "CAN"]
[SourceTitle "EXT 2005"]
[Source "ChessBase"]
[SourceDate "2004.11.15"]
[SourceVersion "1"]
[SourceVersionDate "2004.11.15"]
[SourceQuality "1"]

1. e4 c5 2. Nf3 d6 3. d4 cxd4 4. Nxd4 Nf6 5. Nc3 a6 6. Be2 e6 7. O-O Nbd7 8. f4 b5 9. Bf3 Bb7 10. f5 e5 11. Nb3 Rc8 12. Nd5 Nxd5 13. exd5 Be7 14. Bd2 Qc7 15. Ba5 Qc4 16. Re1 O-O 17. c3 Nf6 18. Bb4 Bxd5 19. Na5 Bxf3 20. Qxf3 Qc7 21. Rad1 d5 22. Bxe7 Qxe7 23. Nb3 h6 24. Rd2 Rfe8 25. Kh1 b4 26. Rde2 Ne4 27. cxb4 Qxb4 28. h3 Qd6 29. Rd1 Nf6 30. Qg3 Rcd8 31. Nd2 e4 32. Qh4 Qe5 33. g4 e3 34. Nf3 Qe4 35. Qg3 d4 36. Rg2 d3 37. g5 Nh5 38. Qg4 Qxg4 39. Rxg4 e2 0-1

[Event "Battle of Alberta"]
[Site "Red Deer CAN"]
[Date "2001.08.11"]
[Round "1"]
[White "Haessel, Dale"]
[Black "Reeve, Jeff"]
[Result "1/2-1/2"]
[WhiteElo "2205"]
[BlackElo "2200"]
[PlyCount "96"]
[GameId "2160767911547046"]
[EventDate "2001.08.11"]
[EventType "team"]
[EventRounds "2"]
[EventCountry "CAN"]
[SourceTitle "EXT 2005"]
[Source "ChessBase"]
[SourceDate "2004.11.15"]
[SourceVersion "1"]
[SourceVersionDate "2004.11.15"]
[SourceQuality "1"]

1. c4 g6 2. g3 Bg7 3. Bg2 d6 4. Nc3 c5 5. a3 Nc6 6. Rb1 a5 7. d3 e5 8. e3 f5 9. Nge2 Nf6 10. O-O O-O 11. f4 Kh8 12. fxe5 dxe5 13. Na4 Qd6 14. Nb6 Rb8 15. Nxc8 Rbxc8 16. Nc3 Rcd8 17. Qb3 Rf7 18. Nd5 h5 19. Bd2 h4 20. gxh4 Nh5 21. Qb6 f4 22. Be4 Qe6 23. Rf2 f3 24. Kh1 Bf6 25. Rxf3 Bxh4 26. Rxf7 Qxf7 27. Rg1 Rf8 28. Qc7 g5 29. Qxf7 Rxf7 30. Bc3 Kg7 31. Nb6 Re7 32. Nc8 Re6 33. Bd5 Rf6 34. Bxc6 Rxc6 35. Ne7 Re6 36. Nf5+ Kf6 37. Rf1 Kg6 38. Bxa5 e4 39. dxe4 Rxe4 40. b3 Nf6 41. Bd8 Nd7 42. Kg2 Ne5 43. Be7 Nd3 44. Nxh4+ gxh4 45. Rd1 Rxe3 46. Bxh4 Nf4+ 47. Kf2 Rxb3 48. Bg3 Kf5 1/2-1/2

[Event "Battle of Alberta"]
[Site "Red Deer CAN"]
[Date "2001.08.11"]
[Round "1"]
[White "Nguyen, Kim"]
[Black "Brown, Grant"]
[Result "1-0"]
[WhiteElo "2027"]
[BlackElo "2089"]
[PlyCount "77"]
[GameId "2160767911547047"]
[EventDate "2001.08.11"]
[EventType "team"]
[EventRounds "2"]
[EventCountry "CAN"]

1. e4 e6 2. d4 d5 3. Nd2 Nf6 4. e5 Nfd7 5. f4 c5 6. c3 Nc6 7. Ndf3 Qb6 8. h4 cxd4 9. cxd4 Bb4+ 10. Kf2 f6 11. Be3 fxe5 12. fxe5 Be7 13. Qd2 Qc7 14. Bd3 Nb6 15. Qc2 Bd7 16. Bxh7 O-O-O 17. Bd3 Rdf8 18. Ke2 Be8 19. g4 Qd8 20. h5 Kb8 21. a3 g6 22. h6 g5 23. h7 Rf7 24. b4 Bd7 25. b5 Na5 26. a4 Nac4 27. Bc1 Qf8 28. Bg6 Rg7 29. Nh3 Be8 30. Bxe8 Rgxh7 31. Bh5 Rxh5 32. gxh5 g4 33. Nhg5 Rg8 34. Nh4 Bxg5 35. Bxg5 Rxg5 36. Raf1 Qb4 37. h6 Nxe5 38. h7 Rh5 39. Ng2 1-0

[Event "Battle of Alberta"]
[Site "Red Deer CAN"]
[Date "2001.08.11"]
[Round "1"]
[White "Wong, Ford"]
[Black "Thimm, Harald"]
[Result "1/2-1/2"]
[WhiteElo "1963"]
[BlackElo "1924"]
[PlyCount "61"]
[GameId "2160767911547048"]
[EventDate "2001.08.11"]
[EventType "team"]
[EventRounds "2"]
[EventCountry "CAN"]

1. d4 d5 2. c4 Nf6 3. Nc3 e6 4. Bg5 Nbd7 5. e3 Be7 6. Nf3 O-O 7. Qc2 c5 8. Bd3 dxc4 9. Bxc4 cxd4 10. exd4 Nb6 11. Bd3 h6 12. h4 Nbd5 13. Nxd5 Qxd5 14. Bd2 Bd7 15. O-O Rac8 16. Qd1 Bc6 17. Bc3 Ne4 18. Re1 Nxc3 19. bxc3 Qh5 20. Re5 Bxf3 21. gxf3 Qxh4 22. Re4 Qh5 23. c4 b6 24. Qe2 Bd6 25. Rg4 Qh2+ 26. Kf1 Qh1+ 27. Rg1 Qh3+ 28. Ke1 Qh2 29. Kf1 Qh3+ 30. Rg2 Qh1+ 31. Rg1 1/2-1/2

[Event "Battle of Alberta"]
[Site "Red Deer CAN"]
[Date "2001.08.11"]
[Round "1"]
[White "Yearwood, Roy"]
[Black "Ottosen, David"]
[Result "1-0"]
[WhiteElo "2077"]
[BlackElo "2089"]
[PlyCount "91"]
[GameId "2160767911547049"]
[EventDate "2001.08.11"]
[EventType "team"]
[EventRounds "2"]
[EventCountry "CAN"]
[SourceTitle "EXT 2005"]
[Source "ChessBase"]
[SourceDate "2004.11.15"]
[SourceVersion "1"]
[SourceVersionDate "2004.11.15"]
[SourceQuality "1"]

1. e4 c5 2. Nf3 d6 3. d4 cxd4 4. Nxd4 Nf6 5. Nc3 g6 6. Be3 Bg7 7. Be2 O-O 8. Qd2 Nc6 9. O-O-O Bd7 10. h4 h5 11. f3 Ne5 12. Rdg1 Rc8 13. g4 Nc4 14. Bxc4 Rxc4 15. gxh5 Nxh5 16. Qd3 b5 17. Kb1 Qa5 18. Nb3 Qa6 19. Nd5 e5 20. Rd1 Re8 21. Qd2 f5 22. Rhg1 f4 23. Bf2 Re6 24. Nb4 Qa4 25. a3 a5 26. Na2 b4 27. Qd5 bxa3 28. Rxg6 Nf6 29. Qxa5 axb2 30. Rdg1 Ne8 31. Qd5 Kf7 32. h5 Qc6 33. h6 Qxd5 34. Rxg7+ Nxg7 35. Rxg7+ Kf8 36. exd5 Rxh6 37. Rxd7 Rh1+ 38. Kxb2 Rh2 39. Nd2 Ra4 40. Ne4 Rxe4 41. fxe4 Rxf2 42. Rxd6 Re2 43. Nc3 Re3 44. Re6 f3 45. Rxe5 Kf7 46. d6 1-0

[Event "Battle of Alberta"]
[Site "Red Deer CAN"]
[Date "2001.08.11"]
[Round "2"]
[White "Anderson, Sune"]
[Black "Clark, Alan"]
[Result "1/2-1/2"]
[WhiteElo "1979"]
[BlackElo "2055"]
[PlyCount "120"]
[GameId "2160767911547050"]
[EventDate "2001.08.11"]
[EventType "team"]
[EventRounds "2"]
[EventCountry "CAN"]

1. e4 c5 2. c3 Nf6 3. e5 Nd5 4. d4 cxd4 5. cxd4 Nc6 6. Nf3 d6 7. Bc4 Nb6 8. Bb5 a6 9. Bxc6+ bxc6 10. O-O g6 11. Nc3 Bg7 12. Bf4 O-O 13. exd6 exd6 14. Ne4 d5 15. Nc5 Bg4 16. Be5 Bxe5 17. dxe5 Nc4 18. Nd3 Qb8 19. Qe2 Re8 20. Qc2 Bxf3 21. gxf3 Nxe5 22. Nxe5 Rxe5 23. f4 Re6 24. Rfe1 Qxf4 25. Rxe6 Qg4+ 26. Kf1 Qxe6 27. Rc1 Rc8 28. b4 Qd6 29. Qa4 Qxh2 30. Rxc6 Re8 31. Rxg6+ hxg6 32. Qxe8+ Kg7 33. Qc6 Qh1+ 34. Ke2 Qe4+ 35. Kf1 Qxb4 36. Qxa6 d4 37. Qd3 g5 38. Ke2 f6 39. Qb3 Qc5 40. a4 g4 41. Qb7+ Kh6 42. Qb3 Qe5+ 43. Kd3 Qf5+ 44. Ke2 Qe4+ 45. Kd2 d3 46. Qxd3 Qxa4 47. Ke2 Qf4 48. Kf1 f5 49. Qd8 Qe5 50. Qf8+ Kg6 51. Qg8+ Kh5 52. Qf8 Kg5 53. Kg2 Kf4 54. Qh6+ Ke4 55. Qe3+ Kd5 56. Qb3+ Kc6 57. Qc4+ Kd6 58. Qb4+ Ke6 59. Qb6+ Qd6 60. Qe3+ Qe5 1/2-1/2

[Event "Battle of Alberta"]
[Site "Red Deer CAN"]
[Date "2001.08.11"]
[Round "2"]
[White "Boehmer, Kris"]
[Black "Baunok, Zoltan"]
[Result "1/2-1/2"]
[WhiteElo "2198"]
[BlackElo "2037"]
[PlyCount "55"]
[GameId "2160767911547051"]
[EventDate "2001.08.11"]
[EventType "team"]
[EventRounds "2"]
[EventCountry "CAN"]

1. d4 Nf6 2. Nf3 g6 3. g3 Bg7 4. Bg2 d5 5. O-O O-O 6. c4 c6 7. cxd5 cxd5 8. Nc3 Nc6 9. Ne5 e6 10. f4 Qb6 11. e3 Rd8 12. Rf2 Ne4 13. Nxe4 dxe4 14. Bxe4 Bxe5 15. fxe5 Nxe5 16. Qf1 f5 17. dxe5 fxe4 18. Rf7 Rd1 19. Rf8+ Kg7 20. Rf7+ Kg8 21. Rf8+ Kg7 22. Qxd1 Kxf8 23. Qa4 Qc6 24. Qb4+ Kg8 25. b3 a5 26. Qd4 Bd7 27. Ba3 Qd5 28. Rc1 1/2-1/2

[Event "Battle of Alberta"]
[Site "Red Deer CAN"]
[Date "2001.08.11"]
[Round "2"]
[White "Brown, Grant"]
[Black "Nguyen, Kim"]
[Result "1-0"]
[WhiteElo "2089"]
[BlackElo "2027"]
[PlyCount "75"]
[GameId "2160767911547052"]
[EventDate "2001.08.11"]
[EventType "team"]
[EventRounds "2"]
[EventCountry "CAN"]

1. d4 Nf6 2. Nf3 g6 3. g3 Bg7 4. Bg2 O-O 5. O-O d6 6. c4 Nc6 7. Nc3 e5 8. d5 Ne7 9. e4 Nd7 10. Be3 a5 11. Qd2 Nc5 12. Bh6 f5 13. Bxg7 Kxg7 14. exf5 gxf5 15. Rad1 Ng6 16. Ng5 Rb8 17. a3 h6 18. Nh3 Qf6 19. f4 e4 20. Nf2 h5 21. Nb5 Na6 22. Rfe1 b6 23. Nd4 Re8 24. Qe2 h4 25. g4 Nxf4 26. Qe3 Nxg2 27. Kxg2 f4 28. Qc3 e3 29. h3 Bd7 30. Nd3 Nc5 31. Nxf4 Qe5 32. Rxe3 Ne4 33. Nde6+ Bxe6 34. Qxe5+ dxe5 35. Nxe6+ Rxe6 36. dxe6 Nd6 37. Rxe5 Nxc4 38. e7 1-0

[Event "Battle of Alberta"]
[Site "Red Deer CAN"]
[Date "2001.08.11"]
[Round "2"]
[White "Gomboc, Dave"]
[Black "Flemming, Jim"]
[Result "1-0"]
[WhiteElo "1998"]
[BlackElo "1969"]
[PlyCount "23"]
[GameId "2160767911547053"]
[EventDate "2001.08.11"]
[EventType "team"]
[EventRounds "2"]
[EventCountry "CAN"]

1. e4 e5 2. f4 exf4 3. Nf3 g5 4. h4 g4 5. Ne5 Nf6 6. Nxg4 Nxe4 7. d3 Ng3 8. Bxf4 Nxh1 9. Bg5 Be7 10. Qe2 d6 11. Nf6+ Kf8 12. Bh6# 1-0

[Event "Battle of Alberta"]
[Site "Red Deer CAN"]
[Date "2001.08.11"]
[Round "2"]
[White "Huber, Gregory"]
[Black "Gardner, Robert"]
[Result "1/2-1/2"]
[WhiteElo "2243"]
[BlackElo "2206"]
[PlyCount "61"]
[GameId "2160767911547054"]
[EventDate "2001.08.11"]
[EventType "team"]
[EventRounds "2"]
[EventCountry "CAN"]
[SourceTitle "EXT 2005"]
[Source "ChessBase"]
[SourceDate "2004.11.15"]
[SourceVersion "1"]
[SourceVersionDate "2004.11.15"]
[SourceQuality "1"]

1. e4 c5 2. Nf3 d6 3. d4 cxd4 4. Nxd4 Nf6 5. Nc3 Nc6 6. Bc4 Qb6 7. Nb3 e6 8. Be3 Qc7 9. Bd3 a6 10. f4 Be7 11. Qf3 b5 12. a3 Bb7 13. g4 d5 14. e5 d4 15. exf6 Bxf6 16. Ne4 dxe3 17. Nxf6+ gxf6 18. Nc5 O-O-O 19. Nxb7 Rxd3 20. cxd3 Nd4 21. Qe4 Nc2+ 22. Ke2 Nxa1 23. Rxa1 Qxb7 24. Rc1+ Kb8 25. Kxe3 Qb6+ 26. d4 Rd8 27. Rc6 Qb7 28. Rc5 Qd7 29. Rc6 Qb7 30. Rc5 Qd7 31. h3 1/2-1/2

[Event "Battle of Alberta"]
[Site "Red Deer CAN"]
[Date "2001.08.11"]
[Round "2"]
[White "Ottosen, David"]
[Black "Yearwood, Roy"]
[Result "1-0"]
[WhiteElo "2089"]
[BlackElo "2077"]
[PlyCount "63"]
[GameId "2160767911547055"]
[EventDate "2001.08.11"]
[EventType "team"]
[EventRounds "2"]
[EventCountry "CAN"]
[SourceTitle "EXT 2005"]
[Source "ChessBase"]
[SourceDate "2004.11.15"]
[SourceVersion "1"]
[SourceVersionDate "2004.11.15"]
[SourceQuality "1"]

1. e4 c5 2. Nf3 Nc6 3. d4 cxd4 4. Nxd4 Nf6 5. Nc3 g6 6. Be3 Bg7 7. Bc4 O-O 8. f3 Qb6 9. Qd2 Nxe4 10. Nxe4 Bxd4 11. Bh6 Bg7 12. Bxg7 Kxg7 13. O-O-O d6 14. h4 Ne5 15. Bb3 h5 16. g4 Nxf3 17. Qc3+ Ne5 18. gxh5 Bg4 19. Rd5 Bxh5 20. Rxe5 dxe5 21. Qxe5+ f6 22. Qxe7+ Kh8 23. Nd6 Qc6 24. Re1 Qf3 25. Nf7+ Rxf7 26. Qxf7 Qf4+ 27. Kb1 Qxh4 28. Rf1 b5 29. a3 a5 30. Rxf6 a4 31. Bd5 Rd8 32. Qe7 1-0

[Event "Battle of Alberta"]
[Site "Red Deer CAN"]
[Date "2001.08.11"]
[Round "2"]
[White "Reeve, Jeff"]
[Black "Haessel, Dale"]
[Result "1-0"]
[WhiteElo "2200"]
[BlackElo "2205"]
[PlyCount "53"]
[GameId "2160767911547056"]
[EventDate "2001.08.11"]
[EventType "team"]
[EventRounds "2"]
[EventCountry "CAN"]
[SourceTitle "EXT 2005"]
[Source "ChessBase"]
[SourceDate "2004.11.15"]
[SourceVersion "1"]
[SourceVersionDate "2004.11.15"]
[SourceQuality "1"]

1. Nf3 c5 2. c4 Nc6 3. Nc3 g6 4. g3 Bg7 5. Bg2 e5 6. d3 d6 7. a3 Nge7 8. Rb1 f5 9. Bd2 a5 10. h4 h6 11. Qc1 Nd4 12. b4 axb4 13. axb4 cxb4 14. Nd5 Nxd5 15. cxd5 Nxf3+ 16. Bxf3 Qe7 17. Rxb4 Bf6 18. O-O g5 19. Bh5+ Kf8 20. Rc4 Kg7 21. Kh2 Bd7 22. Qb1 b5 23. Rc7 Rhc8 24. Rfc1 Rxc7 25. Rxc7 Qd8 26. Rb7 Qc8 27. Qxb5 1-0

[Event "Battle of Alberta"]
[Site "Red Deer CAN"]
[Date "2001.08.11"]
[Round "2"]
[White "Thimm, Harald"]
[Black "Wong, Ford"]
[Result "0-1"]
[WhiteElo "1924"]
[BlackElo "1963"]
[PlyCount "106"]
[GameId "2160767911547057"]
[EventDate "2001.08.11"]
[EventType "team"]
[EventRounds "2"]
[EventCountry "CAN"]

1. d4 Nf6 2. c4 g6 3. Nc3 Bg7 4. Nf3 d6 5. Bg5 Nbd7 6. e3 h6 7. Bxf6 Nxf6 8. Be2 O-O 9. O-O c6 10. Qc2 Re8 11. Rfd1 Qc7 12. Rac1 e5 13. dxe5 dxe5 14. e4 Be6 15. Rd2 Rad8 16. Rcd1 Rd7 17. Rxd7 Nxd7 18. b3 Nf8 19. Qd2 Bc8 20. Qd6 Ne6 21. Qxc7 Nxc7 22. Na4 Ne6 23. g3 Nd4 24. Nc3 Rd8 25. Kg2 Kf8 26. Ng1 Ke7 27. f4 Nxe2 28. Rxd8 Nxf4+ 29. gxf4 Kxd8 30. fxe5 Bxe5 31. Nce2 Ke7 32. Nc1 Bg4 33. Nd3 Kd6 34. h3 Bd1 35. Nf3 Bxf3+ 36. Kxf3 f6 37. Ke3 h5 38. Kf2 g5 39. Kf3 b6 40. a4 a5 41. Nf2 Kc5 42. Nd3+ Kd4 43. Ke2 Kxe4 44. c5 Bd4 45. cxb6 Bxb6 46. b4 g4 47. bxa5 Bxa5 48. Nf2+ Kf4 49. hxg4 hxg4 50. Kf1 Kf3 51. Kg1 Bb6 52. a5 Bxf2+ 53. Kh1 g3 0-1

[Event "Bonne annee"]
[Site "Levis CAN"]
[Date "2001.01.05"]
[Round "1"]
[White "Beaudoin, Stephane"]
[Black "Nadeau, Sebastien"]
[Result "1-0"]
[WhiteElo "1907"]
[BlackElo "1672"]
[PlyCount "93"]
[GameId "2160767911618896"]
[EventDate "2001.01.04"]
[EventType "swiss"]
[EventRounds "5"]
[EventCountry "CAN"]
[SourceTitle "hb 2012"]

1. e4 e5 2. Bc4 Nf6 3. d3 h6 4. Nf3 Nc6 5. c3 Be7 6. O-O O-O 7. Re1 d6 8. Nbd2 a6 9. Bb3 Na5 10. Bc2 c5 11. h3 b5 12. Nf1 Qc7 13. Ng3 Be6 14. b3 Nc6 15. c4 b4 16. Nh2 Nh7 17. Be3 Bg5 18. Rf1 Nd4 19. Qd2 f5 20. exf5 Nxf5 21. Nxf5 Bxf5 22. Bd1 Bxe3 23. fxe3 Ng5 24. h4 Ne6 25. Bf3 Rae8 26. Bd5 Kh8 27. e4 Bg6 28. Bxe6 Rxf1+ 29. Rxf1 Rxe6 30. Rf8+ Kh7 31. Qf2 Re7 32. g4 Rf7 33. Rxf7 Qxf7 34. Nf1 Qxf2+ 35. Kxf2 Be8 36. Ne3 a5 37. Kg3 Bd7 38. Nf5 Bxf5 39. exf5 g6 40. fxg6+ Kxg6 41. Kf3 Kf6 42. Ke4 Ke6 43. g5 h5 44. g6 Kf6 45. Kd5 Kxg6 46. Kxd6 Kf5 47. Kxc5 1-0

[Event "Bonne annee"]
[Site "Levis CAN"]
[Date "2001.01.05"]
[Round "1"]
[White "Belanger, Jacques"]
[Black "Beauchemin, Pierre"]
[Result "1-0"]
[WhiteElo "2063"]
[BlackElo "1730"]
[PlyCount "47"]
[GameId "2160767911618897"]
[EventDate "2001.01.04"]
[EventType "swiss"]
[EventRounds "5"]
[EventCountry "CAN"]
[SourceTitle "hb 2012"]

1. e4 d6 2. d4 g6 3. Nc3 Bg7 4. f4 Nf6 5. Nf3 O-O 6. Bd3 c6 7. O-O b5 8. Qe1 b4 9. Ne2 Qb6 10. Kh1 Nbd7 11. c3 a5 12. e5 Nd5 13. Qh4 Re8 14. f5 Nf8 15. Bh6 gxf5 16. Ng5 e6 17. Qh5 Ra7 18. Rf3 Qd8 19. Bxg7 Kxg7 20. Rg3 Ng6 21. Qxh7+ Kf8 22. Qh6+ Ke7 23. Nxf7 Rh8 24. Qxg6 1-0

[Event "Bonne annee"]
[Site "Levis CAN"]
[Date "2001.01.05"]
[Round "1"]
[White "Cummins, Paul"]
[Black "Auger, Bertrand"]
[Result "0-1"]
[WhiteElo "1693"]
[BlackElo "1937"]
[PlyCount "60"]
[GameId "2160767911618898"]
[EventDate "2001.01.04"]
[EventType "swiss"]
[EventRounds "5"]
[EventCountry "CAN"]

1. e4 e6 2. Qe2 b6 3. g3 Bb7 4. Bg2 f5 5. d3 Be7 6. Nh3 Nf6 7. Nd2 O-O 8. O-O fxe4 9. Nxe4 Nxe4 10. dxe4 Ba6 11. c4 Nc6 12. b3 Nd4 13. Qd1 e5 14. Kh1 d6 15. Be3 c5 16. a4 Bb7 17. Ng1 Qe8 18. Qd3 Qg6 19. f3 a5 20. Ne2 Rf7 21. Nxd4 cxd4 22. Bd2 d5 23. Rfe1 dxe4 24. fxe4 Rf2 25. Re2 Raf8 26. Kg1 Rxe2 27. Qxe2 d3 28. Qe1 Bc5+ 29. Kh1 Bf2 30. Qd1 Bxe4 0-1

[Event "Bonne annee"]
[Site "Levis CAN"]
[Date "2001.01.05"]
[Round "1"]
[White "Dion, Jean-Francois"]
[Black "Drolet, Stephane"]
[Result "1-0"]
[WhiteElo "1699"]
[BlackElo "1985"]
[PlyCount "81"]
[GameId "2160767911618899"]
[EventDate "2001.01.04"]
[EventType "swiss"]
[EventRounds "5"]
[EventCountry "CAN"]

1. d4 Nf6 2. Nf3 d5 3. Bf4 g6 4. e3 Bg7 5. h3 O-O 6. Nbd2 c5 7. c3 b6 8. Bd3 Bb7 9. O-O Nc6 10. Re1 Re8 11. a4 Nd7 12. e4 dxe4 13. Bxe4 Nf6 14. dxc5 bxc5 15. Bc2 Nd5 16. Bg3 e5 17. Nc4 f6 18. Be4 Nce7 19. Qb3 Rb8 20. Rad1 Kh8 21. Ncxe5 fxe5 22. Nxe5 Rf8 23. c4 Qb6 24. Qxb6 Nxb6 25. a5 Na4 26. Nd7 Nxb2 27. Bxb8 Bxe4 28. Nxf8 Nxd1 29. Rxe4 Bxf8 30. Bd6 Nc3 31. Be5+ Kg8 32. Bxc3 Kf7 33. g4 g5 34. Re5 Ng6 35. Rxg5 Bd6 36. Rf5+ Ke7 37. Rh5 Nf4 38. Rxh7+ Ke6 39. Bd2 Ne2+ 40. Kf1 Nd4 41. Rxa7 1-0

[Event "Bonne annee"]
[Site "Levis CAN"]
[Date "2001.01.06"]
[Round "2"]
[White "Audet-Bouchard, Nicolas"]
[Black "Belanger, Jacques"]
[Result "1-0"]
[WhiteElo "1924"]
[BlackElo "2063"]
[PlyCount "45"]
[GameId "2160767911618900"]
[EventDate "2001.01.04"]
[EventType "swiss"]
[EventRounds "5"]
[EventCountry "CAN"]
[SourceTitle "hb 2012"]

1. e4 c5 2. Nf3 Nc6 3. d4 cxd4 4. Nxd4 Nf6 5. Nc3 d6 6. Be2 e6 7. O-O Be7 8. Be3 O-O 9. f4 Bd7 10. Nb3 Qc7 11. g4 Rfd8 12. g5 Ne8 13. Qe1 Rac8 14. Qh4 f6 15. Nd4 Nxd4 16. Bxd4 fxg5 17. fxg5 h6 18. Qh5 Bxg5 19. Qf7+ Kh7 20. e5 Nf6 21. exf6 Bxf6 22. Bd3+ Kh8 23. Rxf6 1-0